| 000 | 00345nam a22001457a 4500 | ||
|---|---|---|---|
| 003 | OSt | ||
| 005 | 20220211135758.0 | ||
| 008 | 220211b |||||||| |||| 00| 0 eng d | ||
| 020 | _a9810204213 | ||
| 040 | _cHU | ||
| 082 | _a627.042 | ||
| 100 |
_aDean _930291 |
||
| 245 | _aWater Wave Mechanics For Engineers & Scientists | ||
| 942 |
_2ddc _cBOOKS _n0 |
||
| 999 |
_c30043 _d30043 |
||